| 000 | 00648nam a2200181Ia 4500 | ||
|---|---|---|---|
| 999 |
_c29348 _d29348 |
||
| 003 | OSt | ||
| 005 | 20210101144113.0 | ||
| 008 | 190216s9999||||xx |||||||||||||| ||und|| | ||
| 020 | _a9788126415540 | ||
| 040 | _coclc | ||
| 082 |
_a303.4833 _bKAL/R |
||
| 100 |
_aKalam, A P J Abdul _92031 |
||
| 245 | 0 |
_aRashtravibhavanam Sankethikavidyayiloode Samoohikaparivarthanam = Envisioning an Empowered Nation Technology for Societal Transformation / _cA P J Abdul Kalam ; A Shivathanu Pillai |
|
| 260 |
_bDc Books, _aKottayam: _c2007. |
||
| 300 | _a287p | ||
| 650 | _aGeneral | ||
| 942 |
_cBK _2ddc _h303.4833 _iKAL/R _k303.4833 _mKAL/R |
||